Board to death / (Record no. 13292)

MARC details
000 -LEADER
fixed length control field 03786nam a22005417a 4500
001 - CONTROL NUMBER
control field B-266060-079
003 - CONTROL NUMBER IDENTIFIER
control field dpl
005 - DATE AND TIME OF LATEST TRANSACTION
control field 20080605122744.0
008 - FIXED-LENGTH DATA ELEMENTS--GENERAL INFORMATION
fixed length control field 080530t xxu||||| |||| 00| 0 eng d
010 ## - LIBRARY OF CONGRESS CONTROL NUMBER
LC control number B-266060-079
020 ## - INTERNATIONAL STANDARD BOOK NUMBER
International Standard Book Number 8128616495
Terms of availability 145.00
035 ## - SYSTEM CONTROL NUMBER
System control number B-266060-079
040 ## - CATALOGING SOURCE
Original cataloging agency DPL
Language of cataloging EN
082 ## - DEWEY DECIMAL CLASSIFICATION NUMBER
Classification number S
100 ## - MAIN ENTRY--PERSONAL NAME
Personal name Lobdell, Scott
245 ## - TITLE STATEMENT
Title Board to death /
Statement of responsibility, etc by Scott Lobdell [and] Paulo Henrique; based on the series by Franklin W. Dixon
260 ## - PUBLICATION, DISTRIBUTION, ETC. (IMPRINT)
Place of publication, distribution, etc Mumbai
Name of publisher, distributor, etc Euro Books
Date of publication, distribution, etc 2007
270 ## - ADDRESS
City Mumbai
Address Dani Corporate Park, 158, Vidyanagari Marg, Kalina, Santacruz (E)
Postal code 400098
300 ## - PHYSICAL DESCRIPTION
Extent unpaged
Other physical details col. ill.
Dimensions 20 cm (Hb)
490 ## - SERIES STATEMENT
Series statement The Hardy Boys
700 ## - ADDED ENTRY--PERSONAL NAME
Personal name Henrique,Paulo
700 ## - ADDED ENTRY--PERSONAL NAME
Personal name
700 ## - ADDED ENTRY--PERSONAL NAME
Personal name Dixon, Franklin W.
942 ## - ADDED ENTRY ELEMENTS (KOHA)
Source of classification or shelving scheme Dewey Decimal Classification
Koha item type Children Books
Classification part S
Call number suffix LOB
Holdings
Withdrawn status Lost status Damaged status Not for loan Collection code Home library Current library Date acquired Cost, normal purchase price Total Checkouts Full call number Barcode Date last seen Copy number Cost, replacement price Price effective from Koha item type Public note Date checked out Total Renewals Source of acquisition
        Fiction Andrews Gunj Andrews Gunj 18/07/2008 145.00   S / LOB B-266069 15/09/2008   145.00 15/09/2008 Children Books        
        Fiction Central Library Central Library 18/07/2008 145.00 1 S / LOB B-266065 03/11/2017 1 145.00 15/09/2008 Children Books   20/10/2017    
        Fiction Jagrati Enclave Jagrati Enclave 18/07/2008 145.00   S / LOB B-266077 15/09/2008 1 145.00 15/09/2008 Children Books        
        Fiction Jor Bagh (Children Lib) Jor Bagh (Children Lib) 18/07/2008 145.00   S / LOB B-266071 15/09/2008 1 145.00 15/09/2008 Children Books        
Written off       Fiction Karol Bagh Karol Bagh 18/07/2008 145.00   S / LOB B-266073 15/09/2008 1 145.00 15/09/2008 Children Books Written off on approval by DLB (By Circulation); dtd 15-06-2023      
        Fiction Mobile Library Mobile Library 05/06/2008 145.00   S / LOB B-266060 15/09/2008 4 145.00 15/09/2008 Children Books        
        Fiction Mobile Library Mobile Library 18/07/2008 145.00   S / LOB B-266061 15/09/2008 4 145.00 15/09/2008 Children Books        
Written off       Fiction Mobile Library Mobile Library 18/07/2008 145.00   S / LOB B-266062 15/09/2008 4 145.00 15/09/2008 Children Books Written off on approval by DLB (By Circulation); dtd 15-06-2023      
        Fiction Mobile Library Mobile Library 18/07/2008 145.00   S / LOB B-266063 15/09/2008 4 145.00 15/09/2008 Children Books        
Withdrawn       Fiction Netaji Nagar Netaji Nagar 18/07/2008 145.00   S / LOB B-266072 15/09/2008 1 145.00 15/09/2008 Children Books        
        Fiction New Police Line New Police Line 18/07/2008 145.00   S / LOB B-266064 15/09/2008 1 145.00 15/09/2008 Children Books        
        Fiction Patel Nagar Patel Nagar 18/07/2008 145.00   S / LOB B-266066 15/09/2008 1 145.00 15/09/2008 Children Books        
        Fiction R.C.Libraries (zls) R.C.Libraries (zls) 18/07/2008 145.00   S / LOB B-266078 15/09/2008 2 145.00 15/09/2008 Children Books        
        Fiction R.C.Libraries (zls) R.C.Libraries (zls) 18/07/2008 145.00   S / LOB B-266079 15/09/2008 2 145.00 15/09/2008 Children Books        
        Fiction R.K.Puram-8 R.K.Puram-8 18/07/2008 145.00   S / LOB B-266068 15/09/2008 1 145.00 15/09/2008 Children Books        
        Fiction Sarojini Nagar Sarojini Nagar 18/07/2008 145.00   S / LOB B-266067 15/09/2008 1 145.00 15/09/2008 Children Books        
        Fiction Shahdara Branch Shahdara Branch 18/07/2008 145.00   S / LOB B-266074 15/09/2008 1 145.00 15/09/2008 Children Books        
        Fiction Sriniwas Puri Sriniwas Puri 18/07/2008 145.00   S / LOB B-266070 15/09/2008 1 145.00 15/09/2008 Children Books        
        Fiction Vigyan Vihar Vigyan Vihar 18/07/2008 145.00   S / LOB B-266076 15/09/2008 1 145.00 15/09/2008 Children Books        
        Fiction Vinoba Puri Vinoba Puri 04/09/2008 145.00 6 S LOB B-284695 13/02/2010   145.00 15/09/2008 Children Books   30/12/2009 1 Blueberry/4571/19.8.08/192/21.7.08/19.8.08
        Fiction Yojana Vihar Yojana Vihar 18/07/2008 145.00 3 S / LOB B-266075 13/04/2021 1 145.00 15/09/2008 Children Books   16/03/2021 4  

© Delhi Public Library
Hit Counter
free hit counter